Music Quiz

Random Music or Singers Quiz

70s Male Singers - Pick the song they did not sing Quiz Stats

 Plays Quiz not verified by Sporcle

Challenge
Share
Tweet
Embed
Score 0/25 Timer 05:00
0 Plays Today
Question Answer Wrong Answers
Elton John Don't Bring Me Down
96.2%
Tiny Dancer
1.9%
I'm Still Standing
1.9%
Crocodile Rock
0%
Barry Manilow Making Love Out Of Nothing At All
95.2%
I Write The Songs
3.8%
Mandy
0%
Copacabana
0%
Billy Joel Your Song
91.3%
Just The Way You Are
1%
My Life
3.8%
Big Shot
3.8%
David Bowie More Than This
91.3%
Space Oddity
0%
Fame
1.9%
Golden Years
3.8%
Rod Stewart Every Kinda People
86.5%
Maggie May
0%
You Wear It Well
5.8%
Tonight's The Night
6.7%
Paul McCartney (and Wings) Me And My Arrow
86.5%
Live And Let Die
1.9%
Jet
6.7%
Silly Love Songs
1%
Alice Cooper Dr. Feelgood
83.7%
School's Out
1%
I'm Eighteen
8.7%
No More Mr. Nice Guy
1.9%
Neil Diamond Cool Change
83.7%
Song Sung Blue
1.9%
Play Me
8.7%
Solitary Man
2.9%
Stevie Wonder That's The Way Of The World
83.7%
Superstition
0%
You Are The Sunshine Of My Life
1.9%
Living For The City
13.5%
Cat Stevens Summer Breeze
83.7%
Oh Very Young
6.7%
Wild World
3.8%
Moonshadow
2.9%
Bruce Springsteen (and the E Street Band) Refugee
80.8%
Prove It All Night
15.4%
Hungry Heart
2.9%
Born To Run
0%
Paul Simon Handy Man
80.8%
Mother And Child Reunion
2.9%
Love Me Like A Rock
4.8%
Kodachrome
6.7%
James Brown Family Affair
72.1%
Hot Pants
1.9%
Get On The Good Foot
4.8%
I Got Ants In My Pants
16.3%
James Taylor Thank You For Being A Friend
71.2%
You've Got A Friend
4.8%
Fire And Rain
1%
Shower The People
22.1%
John Denver Wildfire
71.2%
Fly Away
16.3%
Back Home Again
4.8%
Annie's Song
4.8%
Jim Croce I Wanna Learn A Love Song
67.3%
Operator (That's Not The Way It Feels)
12.5%
I Got A Name
12.5%
Time In A Bottle
3.8%
Gordon Lightfoot I'll Have To Say I Love You In A Song
65.4%
If You Could Read My Mind
10.6%
Early Mornin' Rain
18.3%
Sundown
1.9%
Bill Withers Jealous Guy
65.4%
Ain't No Sunshine
6.7%
Use Me
5.8%
Grandma's Hands
18.3%
Al Green This Old Heart Of Mine
64.4%
I'm Still In Love With You
17.3%
Let's Stay Together
2.9%
Here I Am (Come and Take Me)
12.5%
Marvin Gaye Move On Up
59.6%
Trouble Man
15.4%
Inner City Blues (Make Me Wanna Holler)
25%
Let's Get It On
0%
Billy Preston You Haven't Done Nothing
56.7%
Space Race
28.8%
Nothing From Nothing
4.8%
Will It Go Round In Circles
7.7%
Curtis Mayfield Theme From Shaft
55.8%
Move On Up
16.3%
Superfly
9.6%
Freddie's Dead
14.4%
Harry Nilsson Day After Day
51%
Jump Into The Fire
16.3%
Without You
9.6%
Coconut
19.2%
Bob Marley (and the Wailers) The Harder They Come
44.2%
No Woman No Cry
3.8%
Is This Love
34.6%
Three Little Birds
13.5%
Barry White You're My Latest, Greatest Inspiration
37.5%
Never, Never Gonna Give Ya Up
26%
What Am I Gonna Do With You
29.8%
Can't Get Enough of Your Love, Babe
5.8%

You're not logged in!

Compare scores with friends on all Sporcle quizzes.
Join for Free
OR
Log In

You Might Also Like...

Show Comments

Extras

Top Quizzes Today


Score Distribution

Your Account Isn't Verified!

In order to create a playlist on Sporcle, you need to verify the email address you used during registration. Go to your Sporcle Settings to finish the process.

Report this User

Report this user for behavior that violates our Community Guidelines.

Details: